000
00199 a2200097 4500
001
27552
100
_a
Gottfried, B
245
_a
Fortran IV
260
_a
_b
Quantum pub
_c
1973
090
_c
18340
_d
18340
942
_a
NUST-CAE
_c
M
_c
9270
999
_c
262625
_d
262625